| 000 | 00920nam a22002417a 4500 | ||
|---|---|---|---|
| 005 | 20170124110037.0 | ||
| 010 | _aB-059831 | ||
| 020 |
_c330.00 _a8177330659 |
||
| 035 | _aB-059831 | ||
| 037 | _bCen Lib/Ret | ||
| 040 |
_aDPL _bEN |
||
| 082 |
_a343.54002 _bINC |
||
| 245 |
_aIncome tax act : _cedited by Ravi Pullani [and] Mahesh Pullani _bwith departmental views, government notifications, financial act, 2001, taxation laws (amendment) act, 2000-2001, gist of supreme court rulings / |
||
| 250 | _a10th ed | ||
| 260 |
_aNew Delhi _bBharat Law House Pvt. Ltd. _c2001 |
||
| 270 |
_aT-1/95, Mangolpuri industrial Area, Phase-I _bNew Delhi _e110083 |
||
| 300 |
_avarious pagings _c23cm(Hb) |
||
| 650 |
_aDirect taxation--Law and legislation _9102345 |
||
| 650 |
_aTax planning _9102346 |
||
| 700 |
_aPullani, Ravi _922819 |
||
| 700 |
_aPullani, Mahesh _922820 |
||
| 942 |
_2ddc _cEN _h343.54002 _mINC |
||
| 999 |
_c128250 _d128250 |
||